00696nam a2200241 a 4500001001300000003000900013005001700022008004100039020001000080082001700090100001400107245004300121260003700164300000900201500003500210505001000245650003800255700001400293902000800307942000700315952011700322999001500439nice12345678IN_TiNIC20260116012120.0050524s0000 lona grp 000 0 eng  ac10000a291.172bDAL aDale, R W aJewish Temple and the Christian Church aLondonbHodder & Stoughtonc0000 a314p aincludes index and biblioraphy2 aNotes aComparative Religion-Christianity1 aDale, R W bSRS cBK 001040708StackRoom-aHMIbHMId2007-07-17g100.00l0o291.172 DALp08557r2007-07-17v100.00w2005-05-24yBK c5703d5703